| 000 | 01816nam a22003377a 4500 | ||
|---|---|---|---|
| 999 |
_c21749 _d21749 |
||
| 003 | AR-CdUCM | ||
| 008 | 190425b ||||| |||| 00| 0 spa d | ||
| 040 |
_aMUNICIPALIDAD PROVINCIAL DEL CUSCO _cBIBLIOTECA MUNICIPAL DEL CUSCO |
||
| 082 |
_aRev.Univ/N°95/1948 _bRev.Univ/N°95/1948 |
||
| 110 |
_aUniversidad Nacional de San Antonio Abad del Cusco _915942 |
||
| 245 |
_aRevista Universitaria : _bÓrgano de la Universidad del Cuzco / |
||
| 260 |
_aCusco : _bH.G. Rozas, _c1948. |
||
| 300 |
_a293 páginas. : _c20 cm. |
||
| 440 |
_aRevista Universitaria _nAño XXXVII, 2° semestre 1948, N°95. _945954 |
||
| 500 | _aHomenaje al Segundo Congreso Indigenista Interamericano. | ||
| 505 | _aContenido: La novela indigenista. Alfredo Yépez Miranda. -- La propiedad colectiva del Ayllu. Félix Cosío. -- Las comunidades indígenas, la explotación del trabajo de los indios. Jorge Cornejo Bouroncle. -- Alimentación del indio peruano. Jorge Koun Cabello. -- Significado de lo indio en la historia. Antonio Astete Abril. -- La superstición y las supersticiones. Efraín Morote Best. -- Lo mestizo y el indigenismo. Andrés Guillen Tamayo. -- Nueva organización de la comunidad indígena. Germán Bedregal. -- Por el termino del colonialismo en América. | ||
| 650 |
_aIndigenismo _9208 |
||
| 650 |
_aAyllu _942028 |
||
| 650 |
_aAlimentación _919429 |
||
| 650 |
_aComunidades indígenas _93290 |
||
| 700 |
_aYépez Miranda, Alfredo _94230 |
||
| 700 |
_aCosío, Félix _945955 |
||
| 700 |
_aCornejo Bouroncle, Jorge _915278 |
||
| 700 |
_aMorote Best, Efraín _945956 |
||
| 700 |
_aAstete Abril, Antonio _945957 |
||
| 700 |
_aGuillen Tamayo, Andrés _945958 |
||
| 700 |
_aBedregal, Germán _945959 |
||
| 710 |
_aUniversidad Nacional de San Antonio Abad del Cusco _915942 |
||
| 942 |
_2ddc _cPP |
||
| 945 | _arac | ||